LEADER 01115nam0-2200349---450- 001 990009659200403321 005 20121218085358.0 010 $a88-548-0438-X 035 $a000965920 035 $aFED01000965920 035 $a(Aleph)000965920FED01 035 $a000965920 100 $a20121218d2006----km-y0itay50------ba 101 0 $aita 102 $aIT 105 $ay-------001yy 200 1 $aPer una storia dei rapporti tra Stato e Chiesa$econsiderazioni generali sulcattolicesimo liberale dell'ottocento$eprofili storico-giuridici$fFaustino de Gregorio$gprefazione di Giampaolo D'Andrea 205 $a2. ed 210 $aRoma$cAracne$d2006 215 $aXIV, 351 p.$d21 cm 225 1 $aArea 12$iScienze giuridiche$v1 610 0 $aChiesa e Stato 676 $a322.1$v21$zita 700 1$aDe Gregorio,$bFaustino$0266023 702 1$aD'Andrea,$bGiampaolo 801 0$aIT$bUNINA$gREICAT$2UNIMARC 901 $aBK 912 $a990009659200403321 952 $aCollez. 2190 (1)$b49508$fFSPBC 959 $aFSPBC 996 $aPer una storia dei rapporti tra stato e chiesa$9693859 997 $aUNINA LEADER 01340nam2-2200421---450- 001 990001126040203316 005 20030120100058.0 035 $a000112604 035 $aUSA01000112604 035 $a(ALEPH)000112604USA01 035 $a000112604 100 $a20030117e1974----|||||ita|01 ba 101 $aita 102 $aIT 105 $a||||||||001yy 200 $a<<4 : >> Commedie$fLudovico Ariosto$ga cura di Angela Casella, Gabriella Ronchi, Elena Varasi 210 $aMilano$cA. Mondadori$dcopyr.1974 215 $aXLIX, 1151 p.$d20 cm 225 2 $a<> Classici Mondadori 410 1$12001$a<> Classici Mondadori 461 1 $1001000112601$12001$aTutte le opere di Ludovico Ariosto 461 1$100100112601$12001$aTutte le opere di Ludovico Ariosto 676 $a852.3 700 1$aARIOSTO,$bLudovico$f<1474-1533>$0192228 702 1$aCASELLA,$bAngela$bCesare 702 1$aRONCHI,$bGabriella 702 1$aVARASI,$bElena 801 0$aIT$bBNCF$c19950412 912 $a990001126040203316 951 $aPAP 1297$bL.M.$cPAP$d00084712 959 $aBK 969 $aUMA 979 $aPAOLA$b90$c20030117$lUSA01$h1313 979 $aPAOLA$b90$c20030117$lUSA01$h1318 979 $aCHIARA$b90$c20030120$lUSA01$h1000 979 $aPATRY$b90$c20040406$lUSA01$h1718 996 $aCommedie$998371 997 $aUNISA